| 000 | 00597nam a22002171i 4500 | ||
|---|---|---|---|
| 001 | 24172 | ||
| 010 | _a9789898327321 | ||
| 090 | _a24172 | ||
| 100 | _a20170304u u u0frey50 ba | ||
| 101 | 0 | _apor | |
| 200 | 1 |
_fCatarina Sobral _aO meu avô |
|
| 210 |
_cOrfeu Negro _aLisboa _d2014 |
||
| 215 |
_a[42] p. _cil. _d20 cm |
||
| 225 | 2 | _aOrfeu mini | |
| 300 | _aLer+ Plano Nacional de Leitura. - Prémio Internacional de Ilustração 2014 | ||
| 606 |
_9187 _aHistórias para crianças |
||
| 675 |
_a087.5 _92104 |
||
| 700 | 1 |
_aSobral _bCatarina _4070 _9305 |
|
| 801 |
_aPT _gRPC |
||
| 990 | _cLIVROS | ||
| 994 | _aCOMP | ||